[Event "I SCS Open GM Chess Tournament"]
[Site "Bhubaneswar IND"]
[Date "2009.06.12"]
[Round "8"]
[White "Yuri, Drozdovskij"]
[Black "P, Maheswaran"]
[Result "1-0"]
[WhiteElo "2603"]
[BlackElo "2341"]
[PlyCount "51"]
[EventDate "2009.06.07"]
[EventType "swiss"]
[EventRounds "10"]
[EventCountry "IND"]
[Source "lmi"]
[SourceDate "2009.06.07"]

1. d4 Nf6 2. c4 e6 3. Nc3 Bb4 4. Qc2 d5 5. cxd5 exd5 6. Bg5 c5 7. dxc5 h6 8.
Bh4 Nc6 9. e3 g5 10. Bg3 Ne4 11. a3 Qa5 12. Nge2 Bf5 13. Qc1 Nxc5 14. axb4 Nd3+
15. Kd2 Qxb4 16. Ra4 Qb3 17. Qb1 Bg6 18. Nd4 Nxd4 19. Bxd3 Bxd3 20. Kxd3 Ne6
21. Qa2 Qb6 22. Kc2 Rc8 23. Rd1 Nc5 24. Rad4 Qg6+ 25. Kd2 O-O 26. Ke1 1-0

[Event "I SCS Open GM Chess Tournament"]
[Site "Bhubaneswar IND"]
[Date "2009.06.12"]
[Round "8"]
[White "Das, Neelotpal"]
[Black "Atanu, Lahiri"]
[Result "1-0"]
[WhiteElo "2514"]
[BlackElo "2332"]
[PlyCount "41"]
[EventDate "2009.06.07"]
[EventType "swiss"]
[EventRounds "10"]
[EventCountry "IND"]
[Source "lmi"]
[SourceDate "2009.06.07"]

1. e4 e6 2. Qe2 d5 3. exd5 Qxd5 4. Nc3 Qd8 5. g3 Nf6 6. Bg2 Be7 7. b3 c5 8. Bb2
Nc6 9. Bxc6+ bxc6 10. Nf3 O-O 11. Ne5 Qc7 12. f4 a5 13. d3 Nd5 14. a4 f6 15.
Nc4 Re8 16. Ne4 Bf8 17. Qf2 Nb4 18. O-O-O Qe7 19. g4 Ba6 20. g5 f5 21. Nf6+ 1-0

[Event "I SCS Open GM Chess Tournament"]
[Site "Bhubaneswar IND"]
[Date "2009.06.12"]
[Round "8"]
[White "Amon, Simutowe"]
[Black "Upadhyaya, Anwesh"]
[Result "1/2-1/2"]
[WhiteElo "2486"]
[BlackElo "2321"]
[PlyCount "55"]
[EventDate "2009.06.07"]
[EventType "swiss"]
[EventRounds "10"]
[EventCountry "IND"]
[Source "lmi"]
[SourceDate "2009.06.07"]

1. e4 e5 2. Nf3 Nc6 3. Nc3 Nf6 4. d4 exd4 5. Nxd4 Bb4 6. Nxc6 bxc6 7. Bd3 d5 8.
exd5 Qe7+ 9. Qe2 Qxe2+ 10. Kxe2 Nxd5 11. Ne4 f5 12. Ng3 O-O 13. c4 Nb6 14. Bf4
Bd6 15. Bxd6 cxd6 16. Rac1 Be6 17. f3 g6 18. b3 a5 19. Kd2 a4 20. Rhe1 Kf7 21.
Ne2 c5 22. Nf4 Bd7 23. h4 Rfb8 24. Bc2 Nc8 25. Kc3 axb3 26. axb3 Ra2 27. Ra1
Rba8 28. Rxa2 1/2-1/2

[Event "I SCS Open GM Chess Tournament"]
[Site "Bhubaneswar IND"]
[Date "2009.06.12"]
[Round "8"]
[White "Rahul, Sangma"]
[Black "Babu M R, Lalith"]
[Result "1-0"]
[WhiteElo "2312"]
[BlackElo "2480"]
[PlyCount "85"]
[EventDate "2009.06.07"]
[EventType "swiss"]
[EventRounds "10"]
[EventCountry "IND"]
[Source "lmi"]
[SourceDate "2009.06.07"]

1. e4 c6 2. d4 d5 3. exd5 cxd5 4. c4 Nf6 5. Nc3 e6 6. Nf3 Be7 7. cxd5 Nxd5 8.
Bd3 Nc6 9. O-O O-O 10. Re1 Bf6 11. Be4 Nce7 12. Qc2 h6 13. Qe2 b6 14. Ne5 Bb7
15. Qg4 Bxe5 16. dxe5 Kh8 17. Qh3 Ng8 18. Nb5 Qd7 19. Nd6 Bc6 20. Bd2 Rad8 21.
Rad1 f5 22. Bd3 Qe7 23. Rc1 Ba8 24. Ba6 Nc7 25. Bg5 Qxg5 26. Rxc7 Qd2 27. Qc3
Qxc3 28. bxc3 Kh7 29. Rxa7 Bc6 30. Rc7 Bd5 31. c4 Ba8 32. Bc8 Nf6 33. exf6 Rxd6
34. fxg7 Rfd8 35. f3 Rc6 36. g8=Q+ Kxg8 37. Bxe6+ Kh8 38. Rxc6 Bxc6 39. Bxf5
Rd4 40. Be6 Kg7 41. Rb1 Rd6 42. Bd5 Bxd5 43. Rd1 1-0

[Event "I SCS Open GM Chess Tournament"]
[Site "Bhubaneswar IND"]
[Date "2009.06.12"]
[Round "8"]
[White "Jha, Sriram"]
[Black "Subbaraman, Meenakshi"]
[Result "1-0"]
[WhiteElo "2453"]
[BlackElo "2303"]
[PlyCount "119"]
[EventDate "2009.06.07"]
[EventType "swiss"]
[EventRounds "10"]
[EventCountry "IND"]
[Source "lmi"]
[SourceDate "2009.06.07"]

1. d4 d6 2. c4 e5 3. Nf3 e4 4. Ng5 f5 5. Nc3 Be7 6. Nh3 Nf6 7. Bg5 c6 8. Nf4
Na6 9. e3 O-O 10. Be2 Kh8 11. O-O Nc7 12. Qb3 Rb8 13. f3 exf3 14. Bxf3 Ne4 15.
Bxe4 fxe4 16. Bxe7 Qxe7 17. Qc2 Bf5 18. Rf2 Ne6 19. Raf1 Nxd4 20. Qd1 Ne6 21.
Nxe6 Bxe6 22. Rxf8+ Rxf8 23. Rxf8+ Qxf8 24. Qd4 h6 25. b3 b6 26. Qxe4 Qf6 27.
Qd4 Qxd4 28. exd4 d5 29. c5 b5 30. b4 g5 31. Kf2 Kg7 32. Ke3 Kf6 33. Ne2 Bd7
34. Nc1 Bf5 35. Nb3 Bd7 36. Nd2 Bg4 37. Nb3 Bd7 38. h3 Kg6 39. Nd2 Kf6 40. Nf3
Be8 41. Ne5 Kf5 42. Kf3 h5 43. g3 g4+ 44. hxg4+ hxg4+ 45. Ke3 Kg5 46. Nd3 Kf5
47. Nc1 Bd7 48. Nb3 Kg5 49. Na5 Be8 50. Nb7 Bd7 51. Nd8 a6 52. a3 Kf5 53. Nf7
Kf6 54. Ne5 Be8 55. Kf4 Ke6 56. Kxg4 Kf6 57. Kf4 Ke6 58. Kg5 Ke7 59. Kf5 Kd8
60. Ke6 1-0

[Event "I SCS Open GM Chess Tournament"]
[Site "Bhubaneswar IND"]
[Date "2009.06.12"]
[Round "8"]
[White "Tejas, Bakre"]
[Black "Rahul, Shetty"]
[Result "1/2-1/2"]
[WhiteElo "2452"]
[BlackElo "2302"]
[PlyCount "69"]
[EventDate "2009.06.07"]
[EventType "swiss"]
[EventRounds "10"]
[EventCountry "IND"]
[Source "lmi"]
[SourceDate "2009.06.07"]

1. c4 Nf6 2. Nc3 e5 3. Nf3 Nc6 4. g3 Bb4 5. Nd5 Bc5 6. Bg2 d6 7. O-O a6 8. e3
Ba7 9. d4 O-O 10. h3 Re8 11. Kh2 h6 12. Nxf6+ Qxf6 13. d5 Ne7 14. e4 Ng6 15.
Qd3 Rf8 16. Be3 Qe7 17. Bxa7 Rxa7 18. b4 a5 19. a3 b6 20. Nd2 Bd7 21. Nb3 axb4
22. axb4 Rxa1 23. Rxa1 f5 24. exf5 Bxf5 25. Qe3 Bc2 26. Nd2 Qf6 27. Kg1 Ne7 28.
Ne4 Bxe4 29. Bxe4 Nf5 30. Qf3 g6 31. Ra7 Rf7 32. h4 h5 33. Bxf5 Qxf5 34. Qxf5
gxf5 35. Kg2 1/2-1/2

[Event "I SCS Open GM Chess Tournament"]
[Site "Bhubaneswar IND"]
[Date "2009.06.12"]
[Round "8"]
[White "Arghyadip, Das"]
[Black "Banerjee, Bitan"]
[Result "1/2-1/2"]
[WhiteElo "2424"]
[BlackElo "2301"]
[PlyCount "36"]
[EventDate "2009.06.07"]
[EventType "swiss"]
[EventRounds "10"]
[EventCountry "IND"]
[Source "lmi"]
[SourceDate "2009.06.07"]

1. g3 d5 2. Bg2 Nf6 3. d3 g6 4. f4 Bg7 5. Nf3 O-O 6. O-O Nc6 7. c3 Re8 8. d4
Bf5 9. Na3 Na5 10. Nc2 c5 11. dxc5 Qc7 12. Ncd4 Be4 13. b3 Nd7 14. Bd2 Nc6 15.
b4 a5 16. a3 Bxf3 17. Nb5 Qc8 18. Bxf3 axb4 1/2-1/2

[Event "I SCS Open GM Chess Tournament"]
[Site "Bhubaneswar IND"]
[Date "2009.06.12"]
[Round "8"]
[White "P D S, Girinath"]
[Black "Shah, Sagar"]
[Result "1/2-1/2"]
[WhiteElo "2404"]
[BlackElo "2271"]
[PlyCount "74"]
[EventDate "2009.06.07"]
[EventType "swiss"]
[EventRounds "10"]
[EventCountry "IND"]
[Source "lmi"]
[SourceDate "2009.06.07"]

1. e4 d6 2. d4 Nf6 3. Nc3 g6 4. g3 Bg7 5. Bg2 O-O 6. Nge2 Nbd7 7. h3 c5 8. Be3
Rb8 9. a4 b6 10. O-O a6 11. g4 cxd4 12. Bxd4 Bb7 13. Ng3 e5 14. Be3 Nc5 15. Qd2
Ne6 16. Rad1 Ne8 17. Nge2 Bc6 18. f4 exf4 19. Nxf4 Nxf4 20. Bxf4 Qc7 21. b3 b5
22. axb5 axb5 23. Rf2 b4 24. Nd5 Bxd5 25. exd5 Nf6 26. Re2 Nd7 27. Kh1 Ne5 28.
Re4 Qa5 29. Bxe5 Bxe5 30. Rc4 Rfc8 31. Rc6 Qd8 32. Rf1 Rc7 33. g5 Re7 34. h4
Qd7 35. Qd3 Qg4 36. Rc4 Qd7 37. Re1 Qa7 1/2-1/2

[Event "I SCS Open GM Chess Tournament"]
[Site "Bhubaneswar IND"]
[Date "2009.06.12"]
[Round "8"]
[White "Sayantan, Das"]
[Black "In Ahmed, Minhazud"]
[Result "0-1"]
[WhiteElo "2238"]
[BlackElo "2382"]
[PlyCount "156"]
[EventDate "2009.06.07"]
[EventType "swiss"]
[EventRounds "10"]
[EventCountry "IND"]
[Source "lmi"]
[SourceDate "2009.06.07"]

1. e4 e5 2. Nf3 Nf6 3. Nxe5 d6 4. Nf3 Nxe4 5. Nc3 Nxc3 6. dxc3 Be7 7. Bf4 Nc6
8. Be2 Bg4 9. Qd2 Qd7 10. O-O-O O-O-O 11. h3 Be6 12. Rhe1 h6 13. Kb1 a6 14. a3
g5 15. Bh2 Bf6 16. Nd4 Ne5 17. Nxe6 fxe6 18. g3 Qc6 19. f4 Nc4 20. Bxc4 Qxc4
21. Qd3 Qxd3 22. cxd3 Kd7 23. g4 h5 24. Rg1 hxg4 25. fxg5 Bxg5 26. Rxg4 Be7 27.
Rg3 Rh7 28. Rh1 Rf8 29. Re3 Bg5 30. Rg3 Bh4 31. Rg2 Rf3 32. Kc2 Rxh3 33. Rf1
Be7 34. Rff2 R3h5 35. Re2 Rg5 36. Rgf2 Rf5 37. Rg2 Rhf7 38. d4 Rg5 39. Rxg5
Bxg5 40. Rg2 Bh4 41. Bg1 b6 42. Be3 a5 43. Rh2 Bf6 44. Rf2 Ke7 45. Kd3 Rg7 46.
Rh2 Kd7 47. Rf2 Be7 48. Rh2 Rf7 49. Ke2 c5 50. b4 axb4 51. axb4 cxb4 52. cxb4
Kc6 53. Rh1 Kd5 54. Kd3 Rf5 55. Rh7 Bg5 56. Rh3 Bxe3 57. Kxe3 Kc4 58. Rh6 Rd5
59. Rxe6 Rxd4 60. Rh6 b5 61. Rh1 Rd3+ 62. Ke2 d5 63. Rh8 Rb3 64. Rc8+ Kd4 65.
Kd2 Rxb4 66. Rh8 Rb2+ 67. Kc1 Rg2 68. Rh4+ Kc3 69. Rh3+ Kc4 70. Rh8 d4 71. Rh3
b4 72. Rf3 Re2 73. Rh3 b3 74. Rg3 b2+ 75. Kb1 d3 76. Rg8 Re1+ 77. Kxb2 d2 78.
Rc8+ Kb5 0-1

[Event "I SCS Open GM Chess Tournament"]
[Site "Bhubaneswar IND"]
[Date "2009.06.13"]
[Round "9"]
[White "Yaroslav, Zinchenko"]
[Black "Igor, Kurnosov"]
[Result "1/2-1/2"]
[WhiteElo "2531"]
[BlackElo "2658"]
[PlyCount "28"]
[EventDate "2009.06.07"]
[EventType "swiss"]
[EventRounds "10"]
[EventCountry "IND"]
[Source "lmi"]
[SourceDate "2009.06.07"]

1. e4 c5 2. Nf3 d6 3. d4 cxd4 4. Nxd4 Nf6 5. Nc3 e6 6. Be2 Be7 7. O-O Nc6 8.
Be3 O-O 9. f4 e5 10. fxe5 dxe5 11. Nf5 Bxf5 12. Rxf5 Qa5 13. Kh1 Rfd8 14. Bd3
Nd4 1/2-1/2

[Event "I SCS Open GM Chess Tournament"]
[Site "Bhubaneswar IND"]
[Date "2009.06.13"]
[Round "9"]
[White "Yuriy, Kuzubov"]
[Black "Alexander, Zubarev"]
[Result "1-0"]
[WhiteElo "2632"]
[BlackElo "2566"]
[PlyCount "107"]
[EventDate "2009.06.07"]
[EventType "swiss"]
[EventRounds "10"]
[EventCountry "IND"]
[Source "lmi"]
[SourceDate "2009.06.07"]

1. e4 c5 2. Nf3 d6 3. Bb5+ Nd7 4. d4 Ngf6 5. Nc3 a6 6. Bxd7+ Nxd7 7. O-O e6 8.
d5 e5 9. a4 g6 10. Nd2 Bg7 11. a5 b5 12. axb6 Nxb6 13. Nb3 O-O 14. Na5 f5 15.
exf5 gxf5 16. f4 e4 17. Ne2 Rf6 18. c4 Rg6 19. Ra3 Bd7 20. Qc2 Qc7 21. Bd2 Kf7
22. Rh3 Rh6 23. Rxh6 Bxh6 24. Bc3 Na4 25. Be1 Rg8 26. b3 Nb6 27. Qc3 Rg6 28.
Qh3 Nc8 29. Bc3 Ne7 30. Ra1 Kg8 31. Qh4 Be8 32. Ng3 Bg7 33. Bxg7 Rxg7 34. Nf1
Ng6 35. Qf2 Qe7 36. Ne3 Qf6 37. Rc1 Nh4 38. Kh1 Bh5 39. h3 Nxg2 40. Nxg2 Bf3
41. Rg1 Bxg2+ 42. Rxg2 Qc3 43. Rxg7+ Kxg7 44. Qg2+ Kf8 45. Nb7 Qc1+ 46. Qg1
Qxf4 47. Nd8 Qh6 48. Ne6+ Kf7 49. Qg5 Qxh3+ 50. Kg1 Qg4+ 51. Qxg4 fxg4 52. Ng5+
Kf6 53. Nxe4+ Ke5 54. Ng5 1-0

[Event "I SCS Open GM Chess Tournament"]
[Site "Bhubaneswar IND"]
[Date "2009.06.13"]
[Round "9"]
[White "Chowdhury, Roy"]
[Black "Yuri, Drozdovskij"]
[Result "0-1"]
[WhiteElo "2469"]
[BlackElo "2603"]
[PlyCount "94"]
[EventDate "2009.06.07"]
[EventType "swiss"]
[EventRounds "10"]
[EventCountry "IND"]
[Source "lmi"]
[SourceDate "2009.06.07"]

1. Nf3 Nf6 2. d4 d5 3. e3 c5 4. Nbd2 cxd4 5. exd4 Nc6 6. c3 Bf5 7. Be2 Qc7 8.
O-O h6 9. Re1 e6 10. Nf1 Bd6 11. a4 O-O 12. Bd3 Bxd3 13. Qxd3 Na5 14. N1d2 Nd7
15. b3 Rfc8 16. Bb2 Nf6 17. Rad1 Qb6 18. Ba1 Rc7 19. Ne5 Bxe5 20. Rxe5 Rac8 21.
Rb1 Qd6 22. Ree1 Rc6 23. h3 Qc7 24. Rec1 b6 25. Re1 Qb7 26. Bb2 R6c7 27. f3 Rc6
28. Rbc1 Qc7 29. Qe3 Nd7 30. Qd3 Nf8 31. Kf2 Ng6 32. Rcd1 Qh2 33. Nf1 Qb8 34.
Nd2 Nb7 35. g3 Nd6 36. h4 b5 37. axb5 Nxb5 38. c4 dxc4 39. bxc4 Nd6 40. h5 Ne7
41. Ba3 Nef5 42. Bxd6 Rxd6 43. d5 Nxg3 44. Rg1 Nf5 45. Ne4 Rdd8 46. d6 Qb6+ 47.
Ke2 Rxc4 0-1

[Event "I SCS Open GM Chess Tournament"]
[Site "Bhubaneswar IND"]
[Date "2009.06.13"]
[Round "9"]
[White "Georgy, Timoshenko"]
[Black "Deep, Sengupta"]
[Result "1-0"]
[WhiteElo "2550"]
[BlackElo "2466"]
[PlyCount "57"]
[EventDate "2009.06.07"]
[EventType "swiss"]
[EventRounds "10"]
[EventCountry "IND"]
[Source "lmi"]
[SourceDate "2009.06.07"]

1. e4 e6 2. d4 d5 3. Nc3 Nf6 4. e5 Nfd7 5. f4 c5 6. Nf3 Nc6 7. Be3 a6 8. Qd2 b5
9. a3 g5 10. fxg5 cxd4 11. Nxd4 Ncxe5 12. Bd3 Bg7 13. O-O O-O 14. Kh1 Bb7 15.
Nce2 Nb6 16. b3 Nxd3 17. cxd3 Qd6 18. Nf4 Nd7 19. Nh5 Be5 20. Bg1 Kh8 21. Rae1
f5 22. gxf6 Rf7 23. Nxe6 d4 24. Ng5 Rff8 25. f7 Rad8 26. Rf5 Qg6 27. Rexe5 Nxe5
28. Rxe5 h6 29. Ne6 1-0

[Event "I SCS Open GM Chess Tournament"]
[Site "Bhubaneswar IND"]
[Date "2009.06.13"]
[Round "9"]
[White "Ponnuswamy, Konguvel"]
[Black "Enamul, Hossain"]
[Result "1/2-1/2"]
[WhiteElo "2428"]
[BlackElo "2531"]
[PlyCount "72"]
[EventDate "2009.06.07"]
[EventType "swiss"]
[EventRounds "10"]
[EventCountry "IND"]
[Source "lmi"]
[SourceDate "2009.06.07"]

1. e4 e6 2. d4 d5 3. Nc3 Nf6 4. e5 Nfd7 5. f4 c5 6. Nf3 Nc6 7. Be3 Be7 8. Be2
a6 9. Qd2 b5 10. a3 Qb6 11. O-O Bb7 12. Rad1 g6 13. Kh1 cxd4 14. Nxd4 Bc5 15.
Bf3 Nxd4 16. Bxd4 Bxd4 17. Qxd4 Qxd4 18. Rxd4 Ke7 19. a4 Bc6 20. axb5 axb5 21.
Rb4 Rhb8 22. Ne2 Nc5 23. Nd4 Bd7 24. Be2 Na6 25. Rb3 Nc5 26. Rb4 Ra4 27. c3 Ra5
28. Kg1 Na6 29. Rb3 Nc5 30. Rb4 Na6 31. Rb3 Nc7 32. Rb4 Ra2 33. Rb1 Na6 34. Rb3
Nc5 35. Rb4 Na6 36. Rb3 Nc5 1/2-1/2

[Event "I SCS Open GM Chess Tournament"]
[Site "Bhubaneswar IND"]
[Date "2009.06.13"]
[Round "9"]
[White "K, Rathnakaran"]
[Black "Andrey, Rychagov"]
[Result "0-1"]
[WhiteElo "2427"]
[BlackElo "2530"]
[PlyCount "56"]
[EventDate "2009.06.07"]
[EventType "swiss"]
[EventRounds "10"]
[EventCountry "IND"]
[Source "lmi"]
[SourceDate "2009.06.07"]

1. e4 c5 2. Nf3 e6 3. d3 d5 4. Nbd2 Nc6 5. g3 g6 6. Bg2 Bg7 7. O-O Nge7 8. exd5
Nxd5 9. Nb3 b6 10. c4 Nde7 11. d4 Ba6 12. Nbd2 cxd4 13. b4 Bb7 14. b5 Na5 15.
Bb2 O-O 16. Rc1 Nf5 17. Ba3 Re8 18. Re1 e5 19. Ne4 Bxe4 20. Rxe4 Nd6 21. Bxd6
Qxd6 22. Re1 e4 23. Nd2 f5 24. f3 e3 25. Nf1 d3 26. f4 e2 27. Rxe2 Bd4+ 28. Rf2
Bxf2+ 0-1

[Event "I SCS Open GM Chess Tournament"]
[Site "Bhubaneswar IND"]
[Date "2009.06.13"]
[Round "9"]
[White "M  S, Thejkumar"]
[Black "Sergey, Vokarev"]
[Result "1-0"]
[WhiteElo "2420"]
[BlackElo "2521"]
[PlyCount "103"]
[EventDate "2009.06.07"]
[EventType "swiss"]
[EventRounds "10"]
[EventCountry "IND"]
[Source "lmi"]
[SourceDate "2009.06.07"]

1. d4 Nf6 2. c4 g6 3. Nc3 d5 4. e3 Bg7 5. Qb3 e6 6. Qa3 b6 7. Nf3 Bb7 8. cxd5
Nxd5 9. Bd2 Nd7 10. Rc1 Nxc3 11. Bxc3 Qe7 12. Bb4 c5 13. dxc5 a5 14. Bc3 Bxc3+
15. Qxc3 O-O 16. c6 Rac8 17. Bb5 Nb8 18. Ne5 f6 19. Nc4 Bxc6 20. Nxb6 Rcd8 21.
Bxc6 Nxc6 22. Qxc6 Qb4+ 23. Qc3 Qxb6 24. O-O Rf7 25. b3 Kg7 26. Qc5 Rb8 27.
Qxb6 Rxb6 28. Rfd1 a4 29. Rc3 axb3 30. Rxb3 Ra6 31. a3 Rfa7 32. Rdd3 Rc6 33. g3
Rc1+ 34. Kg2 Ra1 35. g4 e5 36. h3 Ra2 37. Kg3 h5 38. Rb6 hxg4 39. hxg4 R2xa3
40. Rdd6 Rf7 41. g5 Ra5 42. gxf6+ Kh6 43. Re6 Kg5 44. e4 Kh6 45. Re7 Rf8 46.
Kg4 Ra2 47. Rb3 g5 48. Rf3 Ra6 49. Rxe5 Raxf6 50. Rh3+ Kg7 51. Rxg5+ Kf7 52.
Rf3 1-0

[Event "I SCS Open GM Chess Tournament"]
[Site "Bhubaneswar IND"]
[Date "2009.06.13"]
[Round "9"]
[White "Rustam, Khusnutdinov"]
[Black "Rahul, Sangma"]
[Result "1/2-1/2"]
[WhiteElo "2507"]
[BlackElo "2312"]
[PlyCount "90"]
[EventDate "2009.06.07"]
[EventType "swiss"]
[EventRounds "10"]
[EventCountry "IND"]
[Source "lmi"]
[SourceDate "2009.06.07"]

1. Nf3 Nf6 2. g3 b6 3. Bg2 Bb7 4. O-O e6 5. c4 Be7 6. Nc3 O-O 7. d4 Ne4 8. Bd2
d6 9. d5 Nxc3 10. Bxc3 e5 11. e4 Nd7 12. Ne1 a5 13. Nd3 c6 14. Qd2 cxd5 15.
cxd5 Ba6 16. Rfe1 Bg5 17. f4 Bxd3 18. fxg5 Ba6 19. b4 a4 20. Rab1 Bb5 21. Bh3
g6 22. Rbc1 Rc8 23. Bb2 Qe7 24. Rxc8 Rxc8 25. Rc1 Qd8 26. a3 Bc4 27. Rc3 b5 28.
Qf2 Bb3 29. Bf1 Rxc3 30. Bxc3 Qb6 31. Qxb6 Nxb6 32. Bxb5 Nc4 33. Kf2 Nxa3 34.
Bd3 Kf8 35. b5 Nc4 36. Bb4 Ke7 37. Bxc4 Bxc4 38. b6 Ba6 39. Ke3 Kd7 40. Kd2 Ke7
41. Kc3 Kd7 42. Kb2 Bb7 43. Ka3 Ke7 44. Kxa4 Kd7 45. Kb5 Ke7 1/2-1/2

[Event "I SCS Open GM Chess Tournament"]
[Site "Bhubaneswar IND"]
[Date "2009.06.13"]
[Round "9"]
[White "Vikramaditya, Kamble"]
[Black "R R, Laxman"]
[Result "1/2-1/2"]
[WhiteElo "2351"]
[BlackElo "2521"]
[PlyCount "46"]
[EventDate "2009.06.07"]
[EventType "swiss"]
[EventRounds "10"]
[EventCountry "IND"]
[Source "lmi"]
[SourceDate "2009.06.07"]

1. Nf3 Nf6 2. c4 e6 3. g3 d5 4. Bg2 c6 5. b3 Nbd7 6. Bb2 Bd6 7. O-O O-O 8. d4
b6 9. Re1 Ba6 10. Nbd2 Rc8 11. e4 Be7 12. e5 Ne8 13. a3 Nc7 14. Rc1 c5 15. cxd5
Nxd5 16. Ne4 cxd4 17. Nxd4 Rxc1 18. Qxc1 Nxe5 19. Nxe6 Nd3 20. Nxd8 Nxc1 21.
Rxc1 Rxd8 22. Rd1 Kf8 23. Nc3 Nxc3 1/2-1/2

[Event "I SCS Open GM Chess Tournament"]
[Site "Bhubaneswar IND"]
[Date "2009.06.13"]
[Round "9"]
[White "Chakkravarthy J, Deepan"]
[Black "Das, Debashis"]
[Result "1/2-1/2"]
[WhiteElo "2482"]
[BlackElo "2352"]
[PlyCount "87"]
[EventDate "2009.06.07"]
[EventType "swiss"]
[EventRounds "10"]
[EventCountry "IND"]
[Source "lmi"]
[SourceDate "2009.06.07"]

1. d4 Nf6 2. Nf3 d5 3. c4 c6 4. e3 Bf5 5. Nc3 e6 6. Nh4 Bg6 7. g3 Nbd7 8. Nxg6
hxg6 9. Qe2 Be7 10. Bg2 dxc4 11. Qxc4 e5 12. O-O Nb6 13. Qb3 exd4 14. Rd1 O-O
15. a4 a5 16. exd4 Bb4 17. Bg5 Qd6 18. Rac1 Rfe8 19. h4 Qe6 20. Qxe6 Rxe6 21.
d5 Nbxd5 22. Nxd5 Nxd5 23. Bxd5 cxd5 24. Rxd5 Re2 25. b3 Rb2 26. Rd3 Re8 27.
Be3 f6 28. Rc7 Re7 29. Rc8+ Kf7 30. Kg2 Re8 31. Rc7+ Re7 32. Rc8 Re8 33. Rc4
Re7 34. Bc5 Bxc5 35. Rxc5 b6 36. Rc6 Rb7 37. Kf3 Kg8 38. Ke3 Kf7 39. f3 Re7+
40. Kf4 Rb7 41. Ke4 Ke7 42. Kf4 Kf7 43. g4 Rb1 44. Kg3 1/2-1/2

[Event "I SCS Open GM Chess Tournament"]
[Site "Bhubaneswar IND"]
[Date "2009.06.13"]
[Round "9"]
[White "Upadhyaya, Anwesh"]
[Black "Arghyadip, Das"]
[Result "1/2-1/2"]
[WhiteElo "2321"]
[BlackElo "2424"]
[PlyCount "108"]
[EventDate "2009.06.07"]
[EventType "swiss"]
[EventRounds "10"]
[EventCountry "IND"]
[Source "lmi"]
[SourceDate "2009.06.07"]

1. e4 e6 2. d4 d5 3. e5 c5 4. c3 Nc6 5. Nf3 Nh6 6. a3 f6 7. b4 fxe5 8. Nxe5
Nxe5 9. dxe5 Nf7 10. f4 Bd7 11. Bd3 Qc7 12. O-O O-O-O 13. Nd2 g5 14. Nf3 Bg7
15. Qe2 Rdf8 16. bxc5 gxf4 17. Bxf4 Qxc5+ 18. Kh1 Bh6 19. Bxh6 Nxh6 20. c4 d4
21. Be4 Rf4 22. Rfe1 Ng4 23. Ra2 Rhf8 24. h3 Ne3 25. Qd3 Nf5 26. Kh2 Bc6 27.
Rb2 h6 28. Rd2 Rd8 29. Ree2 Rd7 30. Re1 Ne3 31. Bxc6 Qxc6 32. Rxe3 dxe3 33.
Qxe3 Rxd2 34. Nxd2 Rf5 35. Qxh6 Rf2 36. Qg5 b6 37. h4 Rf5 38. Qg3 Kb7 39. Qe3
Qc7 40. Qe4+ Kb8 41. Nf3 Qf7 42. Qc6 Rf4 43. Qd6+ Kb7 44. c5 bxc5 45. Qxc5 Qf5
46. Qb5+ Kc7 47. Qc5+ Kb7 48. Qe7+ Kb6 49. Qd6+ Kb7 50. Qd7+ Kb6 51. Qd6+ Kb7
52. a4 Re4 53. Qd7+ Kb8 54. Qd8+ Kb7 1/2-1/2

[Event "I SCS Open GM Chess Tournament"]
[Site "Bhubaneswar IND"]
[Date "2009.06.13"]
[Round "9"]
[White "Shreyansh Daklia, Jain"]
[Black "Niaz, Murshed"]
[Result "1-0"]
[WhiteElo "2281"]
[BlackElo "2407"]
[PlyCount "121"]
[EventDate "2009.06.07"]
[EventType "swiss"]
[EventRounds "10"]
[EventCountry "IND"]
[Source "lmi"]
[SourceDate "2009.06.07"]

1. e4 d6 2. d4 Nf6 3. Bd3 e5 4. c3 Nc6 5. Ne2 g6 6. O-O Bg7 7. f4 exd4 8. cxd4
O-O 9. Nbc3 Qe7 10. f5 h6 11. Kh1 g5 12. Be3 Nb4 13. Bb1 Re8 14. Bg1 b6 15. a3
Nc6 16. b4 Bb7 17. Ng3 Nb8 18. Bd3 Nbd7 19. Re1 Qd8 20. Ra2 c6 21. h3 a5 22.
Bb1 Ba6 23. Rd2 Qc7 24. Ba2 Re7 25. Bh2 Rae8 26. Qb3 c5 27. Rc1 Qa7 28. dxc5
dxc5 29. b5 Bb7 30. Rcd1 Ba8 31. Nf1 Nxe4 32. Nxe4 Bxe4 33. Bd6 Ne5 34. Bxe7
Qxe7 35. Ng3 Bd3 36. Re1 c4 37. Qd1 Qxa3 38. Nh5 Bh8 39. Bb1 Rc8 40. f6 Qc5 41.
Bxd3 Nxd3 42. Rxd3 cxd3 43. Qxd3 Qf2 44. Rf1 Qc2 45. Qf3 a4 46. Ng3 Qc3 47. Qf2
Qc5 48. Qe2 Qc4 49. Qf3 Qc3 50. Qf2 Qc2 51. Qxb6 Qc5 52. Qb7 Qc7 53. Qf3 Qf4
54. Qa3 Qc4 55. b6 Qc6 56. Nf5 Bxf6 57. Nxh6+ Kg7 58. Nf5+ Kg6 59. Qd3 Qc2 60.
Qf3 Qb3 61. Nh4+ 1-0

[Event "I SCS Open GM Chess Tournament"]
[Site "Bhubaneswar IND"]
[Date "2009.06.13"]
[Round "9"]
[White "Abdul Malek, Mohammed"]
[Black "P D S, Girinath"]
[Result "1-0"]
[WhiteElo "2279"]
[BlackElo "2404"]
[PlyCount "67"]
[EventDate "2009.06.07"]
[EventType "swiss"]
[EventRounds "10"]
[EventCountry "IND"]
[Source "lmi"]
[SourceDate "2009.06.07"]

1. d4 Nf6 2. Nf3 g6 3. Nc3 d5 4. Bf4 Bg7 5. h3 O-O 6. e3 a5 7. Bd3 Na6 8. O-O
c6 9. Re1 Nc7 10. Ne5 Nce8 11. f3 a4 12. b4 Nd6 13. Qd2 Nfe8 14. Rab1 Nc7 15.
b5 cxb5 16. Nxb5 Ncxb5 17. Bxb5 a3 18. Qb4 Nxb5 19. Qxb5 Qa5 20. Qxa5 Rxa5 21.
Nd3 Ra4 22. Rec1 f6 23. Nc5 Rc4 24. Nxb7 e5 25. dxe5 fxe5 26. Bg3 Bxb7 27. Rxb7
Rfc8 28. Ra7 e4 29. fxe4 dxe4 30. c3 Bf8 31. Be5 Re8 32. Bd4 Rb8 33. Rf1 Bc5
34. Rg7+ 1-0

[Event "I SCS Open GM Chess Tournament"]
[Site "Bhubaneswar IND"]
[Date "2009.06.13"]
[Round "9"]
[White "Sharma, Himanshu"]
[Black "Soumyaranjan, Mishra"]
[Result "1-0"]
[WhiteElo "2403"]
[BlackElo "2323"]
[PlyCount "127"]
[EventDate "2009.06.07"]
[EventType "swiss"]
[EventRounds "10"]
[EventCountry "IND"]
[Source "lmi"]
[SourceDate "2009.06.07"]

1. e4 c5 2. Nc3 e6 3. f4 d5 4. e5 Nc6 5. Nf3 Nh6 6. d3 Nf5 7. Ne2 Be7 8. g3 h5
9. Bh3 g6 10. c3 d4 11. c4 b6 12. Neg1 Bb7 13. Qe2 Qd7 14. Bg2 Nb4 15. Kf2 Ne3
16. Bxe3 dxe3+ 17. Kxe3 O-O-O 18. a3 Qxd3+ 19. Qxd3 Nxd3 20. Rb1 g5 21. Ne2 f6
22. Rhd1 fxe5 23. Rxd3 Rxd3+ 24. Kxd3 e4+ 25. Ke3 exf3 26. Bxf3 Bxf3 27. Kxf3
g4+ 28. Ke4 Bf6 29. b4 cxb4 30. axb4 Rd8 31. Ke3 Kc7 32. b5 h4 33. gxh4 Rh8 34.
Rg1 Rxh4 35. Rg2 Rh3+ 36. Ke4 Kd6 37. f5 Be5 38. Ng3 Bxg3 39. hxg3 exf5+ 40.
Kxf5 Rh1 41. Rc2 a5 42. bxa6 Ra1 43. Kxg4 Rxa6 44. Kf5 Ra1 45. g4 Rf1+ 46. Kg6
Kc5 47. g5 Rf4 48. Kh7 Rh4+ 49. Kg7 Rh1 50. g6 Rg1 51. Kf7 Rf1+ 52. Kg8 Rf4 53.
g7 Rg4 54. Kf7 Rf4+ 55. Ke6 Rg4 56. Kf6 Rg1 57. Rb2 Rf1+ 58. Kg6 Rg1+ 59. Kf7
Rf1+ 60. Kg8 Rf4 61. Kh7 Rh4+ 62. Kg6 Rg4+ 63. Kf6 Rg1 64. Rb5+ 1-0